[Event "HUN-chT2 Szechenyi 1112"]
[Site "Hungary"]
[Date "2012.01.29"]
[Round "5.9"]
[White "Kiraly, Ferenc"]
[Black "Lejer, Sandor"]
[Result "0-1"]
[WhiteElo "1876"]
[BlackElo "1969"]
[PlyCount "102"]
[EventDate "2011.09.25"]
[EventType "team-tourn"]
[EventRounds "11"]
[EventCountry "HUN"]
[SourceTitle "EXT 2013"]
[Source "ChessBase"]
[SourceDate "2012.11.22"]
[SourceVersion "1"]
[SourceVersionDate "2012.11.22"]
[SourceQuality "1"]
[WhiteTeam "Alsoszolnok"]
[BlackTeam "Lovo"]
[WhiteTeamCountry "HUN"]
[BlackTeamCountry "HUN"]

1. e4 d6 2. Nf3 Nf6 3. c3 c6 4. Bd3 e5 5. Bc2 Be7 6. 0-0 Bg4 7. Re1 0-0 8. d4 Bxf3 9. Qxf3 Nbd7 10. Nd2 b5 11. Nf1 c5 12. Be3 cxd4 13. cxd4 Rc8 14. Rac1 Qa5 15. Bb3 Qb4 16. d5 Qxe4 17. Qxe4 Nxe4 18. Bxa7 Nec5 19. Bxc5 Nxc5 20. Bc2 g6 21. b4 Na6 22. a3 Bg5 23. Ne3 Rc3 24. Bb1 Rfc8 25. Rxc3 Rxc3 26. a4 Nxb4 27. axb5 Bxe3 28. fxe3 Rc5 29. Be4 Rxb5 30. Rb1 Rb6 31. Rd1 f5 32. Bf3 e4 33. Be2 Nc2 34. Kf2 Kg7 35. Rd2 Nb4 36. h4 h5 37. Kg3 Kf6 38. Kf4 Rb8 39. Rd1 Rc8 40. Bb5 Rc5 41. Bc6 Nd3+ 42. Kg3 Ke5 43. Rb1 f4+ 44. exf4+ Nxf4 45. Rb8 Rc3+ 46. Kf2 e3+ 47. Kg1 Rc1+ 48. Kh2 e2 49. Re8+ Kd4 50. g3 Rc2 51. Kg1 Nd3 0-1

[Event "HUN-chT2 Szechenyi 1112"]
[Site "Hungary"]
[Date "2011.11.27"]
[Round "4.7"]
[White "Lejer, Sandor"]
[Black "Toronyi, David"]
[Result "0-1"]
[WhiteElo "1969"]
[BlackElo "2061"]
[PlyCount "76"]
[EventDate "2011.09.25"]
[EventType "team-tourn"]
[EventRounds "11"]
[EventCountry "HUN"]
[SourceTitle "EXT 2013"]
[Source "ChessBase"]
[SourceDate "2012.11.22"]
[SourceVersion "1"]
[SourceVersionDate "2012.11.22"]
[SourceQuality "1"]
[WhiteTeam "Lovo"]
[BlackTeam "Tapolca"]
[WhiteTeamCountry "HUN"]
[BlackTeamCountry "HUN"]

1. Nf3 d5 2. d4 Nf6 3. e3 Nbd7 4. c4 e6 5. cxd5 exd5 6. Nc3 c6 7. Bd3 Bd6 8. 0-0 0-0 9. e4 dxe4 10. Bxe4 Nxe4 11. Nxe4 Bc7 12. d5 cxd5 13. Qxd5 Ne5 14. Qb3 Be6 15. Qa3 Nxf3+ 16. Qxf3 Bd5 17. Qf5 Bxh2+ 18. Kxh2 Qh4+ 19. Qh3 Qxe4 20. Bd2 Rfd8 21. Rad1 Qe5+ 22. Qg3 Qxg3+ 23. Kxg3 Bxa2 24. Be3 a6 25. Bb6 Rxd1 26. Rxd1 Be6 27. Kf4 f6 28. g3 Rc8 29. Rd8+ Rxd8 30. Bxd8 Bd5 31. Ke3 Kf7 32. Kd4 Ke6 33. Bb6 h5 34. f4 Bc6 35. Bd8 Kf5 36. Ke3 Kg4 37. Kf2 h4 38. gxh4 Kxf4 0-1